000 00609nam a22002297a 4500
003 UA-OsUOA
001 36085
007 ta
008 20060118b un ||||| |||| 00| 0 ukr d
100 _aЧекаловець В.
700 _aКрижановський С.
090 _a330
942 _cSA
040 _aUA-OsUOA
_bukr
_cUA-OsUOA
_dUA-OsUOA
245 _aРозвиток морських торгових портів України у конкурентному середовищі
300 _aС.32-40
955 _a2
041 _aukr
080 _a330
773 0 _w36081
650 7 _2UDC
999 _c322351
_d322351